[Event "Staatsliga A 1998/99"]
[Site "Gleisdorf"]
[Date "1998.12.12"]
[Round "4.1"]
[White "Dizdar, Goran"]
[Black "Horvath, Jozsef"]
[Result "1-0"]
[WhiteElo "2570"]
[BlackElo "2530"]
[PlyCount "105"]
[EventDate "1998.11.13"]

1. d4 Nf6 2. Nf3 g6 3. c4 Bg7 4. g3 d6 5. Bg2 O-O 6. O-O c6 7. Nc3 Qb6 8. b3 e5
9. d5 e4 10. Ng5 cxd5 11. Be3 Qa5 12. b4 Qxb4 13. Nxd5 Nxd5 14. Qxd5 Bxa1 15.
Rxa1 Nc6 16. Nxe4 Qb2 17. Rc1 Be6 18. Qb5 Qxb5 19. cxb5 Na5 20. Nxd6 Bxa2 21.
Nxb7 Nxb7 22. Bxb7 Rad8 23. Bc6 Bd5 24. Bxa7 Rc8 25. Be3 Rfd8 26. f3 Bxc6 27.
bxc6 Rd6 28. c7 Re6 29. Kf2 f6 30. h4 Kf7 31. Bf4 Ke7 32. g4 Ra6 33. Rc4 Kd7
34. Rd4+ Ke7 35. Rc4 Kd7 36. e4 Rc6 37. Rd4+ Ke7 38. Rd3 Rc2+ 39. Kg3 h6 40. g5
hxg5 41. hxg5 fxg5 42. Bxg5+ Kf7 43. Rd7+ Ke6 44. Re7+ Kd6 45. Rg7 Ke6 46. Bd8
Ra8 47. Rxg6+ Kf7 48. Rf6+ Ke8 49. Rh6 Ra3 50. e5 Rcc3 51. Kg4 Ra4+ 52. f4 Rcc4
53. Kg5 1-0

[Event "Staatsliga A 1998/99"]
[Site "Gleisdorf"]
[Date "1998.12.12"]
[Round "4.2"]
[White "Hoelzl, Franz"]
[Black "Duer, Arne"]
[Result "1/2-1/2"]
[WhiteElo "2410"]
[BlackElo "2375"]
[PlyCount "86"]
[EventDate "1998.11.13"]

1. d4 e6 2. g3 Nf6 3. c4 Bb4+ 4. Bd2 Bxd2+ 5. Qxd2 O-O 6. Nc3 d6 7. Bg2 Nbd7 8.
e4 e5 9. Nge2 a5 10. O-O Re8 11. Rfe1 b6 12. b3 Bb7 13. Qc2 Qb8 14. h3 h6 15.
Rad1 Qc8 16. Kh2 Rb8 17. a3 Ba6 18. Nb5 Re7 19. Nec3 Bxb5 20. Nxb5 Qb7 21. f4
Ne8 22. Nc3 c6 23. dxe5 dxe5 24. f5 Ndf6 25. Na4 Rd7 26. c5 b5 27. Nb6 Rdd8 28.
Qc3 Qe7 29. Rc1 Rd4 30. Qxa5 Rbd8 31. Re2 Rd3 32. Rc3 Rd2 33. Nc8 Qb7 34. Rc1
R2d3 35. Nd6 Qe7 36. a4 Nxd6 37. cxd6 Qxd6 38. axb5 cxb5 39. Qxb5 Nh5 40. Rc6
Qd4 41. Rc4 Qd6 42. Rc6 Qd4 43. Rc4 Qd6 1/2-1/2

[Event "Staatsliga A 1998/99"]
[Site "Gleisdorf"]
[Date "1998.12.12"]
[Round "4.3"]
[White "Duer, Werner"]
[Black "Steflitsch, Erich"]
[Result "1/2-1/2"]
[WhiteElo "2310"]
[BlackElo "2325"]
[PlyCount "115"]
[EventDate "1998.11.13"]

1. d4 d5 2. c4 e6 3. Nc3 Nf6 4. Nf3 Be7 5. Bg5 O-O 6. e3 h6 7. Bh4 b6 8. Bd3
Bb7 9. O-O Nbd7 10. Qe2 c5 11. Rfd1 Ne4 12. Bg3 Nxg3 13. hxg3 cxd4 14. Nxd4 Nf6
15. Rac1 Bb4 16. cxd5 Bxc3 17. Rxc3 Qxd5 18. Nf3 Qh5 19. Rc7 Rab8 20. e4 Rfd8
21. Rdc1 Rbc8 22. Rxc8 Rxc8 23. Rxc8+ Bxc8 24. e5 Nd5 25. Qe4 f5 26. exf6 Nxf6
27. Qc6 Qc5 28. Qxc5 bxc5 29. Nd2 Bb7 30. Nb3 Bd5 31. Nxc5 Bxa2 32. b3 Kf7 33.
Bc4 Nd5 34. f4 Bb1 35. Kf2 Ke7 36. Bxd5 exd5 37. Ke3 Kd6 38. Kd4 Bf5 39. b4 Bc8
40. Na4 Ba6 41. Nc3 Bf1 42. Nxd5 Bxg2 43. Ne3 Bc6 44. Nc4+ Ke6 45. Kc5 Bf3 46.
Kd4 g5 47. fxg5 hxg5 48. Ne5 Bg2 49. Ng4 Bf3 50. Nf2 Kf5 51. Ke3 Bg2 52. Nd3
Bf1 53. Nc5 Ke5 54. Ne4 Kd5 55. Nxg5 Kc4 56. Kd2 Kxb4 57. Kc2 a5 58. Kb2
1/2-1/2

[Event "Staatsliga A 1998/99"]
[Site "Gleisdorf"]
[Date "1998.12.12"]
[Round "4.6"]
[White "Petschar, Kurt"]
[Black "Pilz, Dieter"]
[Result "1/2-1/2"]
[WhiteElo "2260"]
[BlackElo "2260"]
[PlyCount "56"]
[EventDate "1998.11.13"]

1. e4 e5 2. Nf3 Nc6 3. Bb5 Nge7 4. d4 exd4 5. Nxd4 Ng6 6. O-O Bc5 7. Nf5 O-O 8.
Nc3 a6 9. Bc4 d6 10. Qh5 Kh8 11. Nd5 Nce5 12. Bb3 c6 13. Nde3 Nf4 14. Qd1 g6
15. Ng3 Qh4 16. f3 Qg5 17. Kh1 h5 18. Qd2 h4 19. Nd1 hxg3 20. Qxf4 Qxf4 21.
Bxf4 gxh2 22. Kxh2 Kg7 23. Be3 Bxe3 24. Nxe3 Be6 25. Rfd1 Rad8 26. Rd2 Kf6 27.
Rad1 Ke7 28. Kg3 g5 1/2-1/2

[Event "Staatsliga A 1998/99"]
[Site "Gleisdorf"]
[Date "1998.12.12"]
[Round "4.2"]
[White "Luther, Thomas"]
[Black "Baumegger, Siegfried"]
[Result "1-0"]
[WhiteElo "2560"]
[BlackElo "2360"]
[PlyCount "81"]
[EventDate "1998.11.13"]

1. e4 e5 2. Nf3 Nc6 3. Bb5 a6 4. Ba4 d6 5. c3 Bd7 6. d4 g6 7. Be3 Nf6 8. d5 Ne7
9. Bxd7+ Qxd7 10. Nfd2 Qg4 11. O-O Qxd1 12. Rxd1 Ng4 13. Bg5 Bh6 14. Bxh6 Nxh6
15. c4 c5 16. dxc6 bxc6 17. Nc3 O-O 18. Nb3 Rfd8 19. Rd2 f6 20. Rad1 Nf7 21. c5
dxc5 22. Nxc5 Rxd2 23. Rxd2 Ra7 24. Rd7 Rxd7 25. Nxd7 Kg7 26. Nc5 a5 27. Nb7 f5
28. Nxa5 Kf6 29. f3 Ke6 30. Kf2 h5 31. Na4 Nd6 32. Nc5+ Kf6 33. Ke3 h4 34. a4
g5 35. Ncb7 Ndc8 36. Nc4 g4 37. fxg4 fxg4 38. Nc5 Ng6 39. a5 Ke7 40. a6 Na7 41.
Nd3 1-0

[Event "Staatsliga A 1998/99"]
[Site "Gleisdorf"]
[Date "1998.12.12"]
[Round "4.4"]
[White "Stanec, Nikolaus"]
[Black "Casagrande, Harald"]
[Result "1-0"]
[WhiteElo "2495"]
[BlackElo "2360"]
[PlyCount "125"]
[EventDate "1998.11.13"]

1. d4 g6 2. e4 c6 3. Nc3 d5 4. h3 dxe4 5. Nxe4 Bg7 6. Nf3 Nd7 7. Bc4 Ngf6 8.
Nxf6+ Nxf6 9. O-O O-O 10. Re1 b5 11. Bb3 e6 12. c3 Bb7 13. Bf4 Qb6 14. Bd6 Rfd8
15. Be7 Re8 16. Bc5 Qc7 17. Ne5 Bf8 18. Bxf8 Kxf8 19. Qf3 Kg7 20. Qf4 Rac8 21.
a4 a6 22. h4 Re7 23. axb5 cxb5 24. Qg5 Qd6 25. Nd3 h6 26. Qe5 Qxe5 27. Rxe5 Ra8
28. Ra5 Rc7 29. Rc5 Rxc5 30. Nxc5 Bc8 31. Bd1 Nd7 32. Bf3 Ra7 33. Nd3 Kf6 34.
Bc6 Rc7 35. Bxd7 Rxd7 36. f3 Ke7 37. Kf2 Kd6 38. Ke3 f6 39. Nf2 Rc7 40. Ra1 Rc6
41. Nd3 Rc7 42. f4 Rg7 43. Nc5 Rf7 44. Ne4+ Kd5 45. c4+ bxc4 46. Ra5+ Kc6 47.
Rc5+ Kd7 48. Rxc8 f5 49. Rxc4 fxe4 50. Rb4 Rf5 51. g4 Ra5 52. Kxe4 h5 53. g5
Ra1 54. Ke5 Re1+ 55. Kf6 Rh1 56. d5 exd5 57. f5 gxf5 58. g6 Kd6 59. g7 Rg1 60.
Rb8 Rxg7 61. Kxg7 Ke5 62. Kg6 d4 63. Kxh5 1-0

[Event "Staatsliga A 1998/99"]
[Site "Gleisdorf"]
[Date "1998.12.12"]
[Round "4.5"]
[White "Postl, Anton"]
[Black "Felsberger, Alfred"]
[Result "0-1"]
[WhiteElo "2295"]
[BlackElo "2395"]
[PlyCount "44"]
[EventDate "1998.11.13"]

1. d4 Nf6 2. Nf3 d5 3. e3 e6 4. c4 c5 5. Nc3 Nc6 6. a3 a6 7. Bd3 Be7 8. O-O O-O
9. h3 dxc4 10. Bxc4 b5 11. Ba2 cxd4 12. exd4 Bb7 13. Bg5 h6 14. Be3 Rc8 15. d5
exd5 16. Nxd5 Nxd5 17. Bxd5 Bf6 18. Bc5 Re8 19. Rc1 Qd7 20. Bxc6 Qxc6 21. Bd4
Qe6 22. Re1 Bxf3 0-1

[Event "Staatsliga A 1998/99"]
[Site "Gleisdorf"]
[Date "1998.12.12"]
[Round "4.6"]
[White "Watzka, Horst"]
[Black "Demuth, Markus"]
[Result "1/2-1/2"]
[WhiteElo "2365"]
[BlackElo "2225"]
[PlyCount "45"]
[EventDate "1998.11.13"]

1. e4 e6 2. d4 d5 3. Nd2 Nf6 4. e5 Nfd7 5. c3 c5 6. Bd3 Nc6 7. Ne2 cxd4 8. cxd4
Qb6 9. Nf3 f6 10. exf6 Nxf6 11. O-O Bd6 12. b3 e5 13. dxe5 Nxe5 14. Ned4 O-O
15. Be2 Bd7 16. h3 Rae8 17. Be3 Qa5 18. Nxe5 Bxe5 19. Qd3 Ne4 20. Rac1 Bf4 21.
Bxf4 Rxf4 22. Rc2 Qb6 23. Bf3 1/2-1/2

[Event "Staatsliga A 1998/99"]
[Site "Gleisdorf"]
[Date "1998.12.12"]
[Round "4.1"]
[White "Groszpeter, Attila"]
[Black "Hickl, Joerg"]
[Result "1/2-1/2"]
[WhiteElo "2505"]
[BlackElo "2540"]
[PlyCount "82"]
[EventDate "1998.11.13"]

1. e4 g6 2. d4 d6 3. Bc4 Bg7 4. Nf3 e6 5. O-O Ne7 6. Bb3 O-O 7. c3 b6 8. Re1
Nd7 9. Nbd2 Bb7 10. Nf1 h6 11. Ng3 c5 12. h4 Rc8 13. h5 c4 14. Bc2 e5 15. dxe5
dxe5 16. Qe2 Qc7 17. Nh2 Nf6 18. Ng4 Nxg4 19. Qxg4 Kh7 20. Be3 Ng8 21. Rad1
Rcd8 22. Rxd8 Rxd8 23. Rd1 Bc8 24. Qe2 Rxd1+ 25. Qxd1 Nf6 26. hxg6+ fxg6 27. f3
Bf8 28. Kf1 Be6 29. Qd2 Nd7 30. Nh1 b5 31. a3 Nf6 32. Ng3 a5 33. Bf2 Nd7 34.
Kg1 Qb7 35. Ne2 Nc5 36. Qd8 Be7 37. Qxa5 Nd3 38. b4 Nxf2 39. Kxf2 Qd7 40. Ke1
Bg5 41. f4 Bxf4 1/2-1/2

[Event "Staatsliga A 1998/99"]
[Site "Gleisdorf"]
[Date "1998.12.12"]
[Round "4.2"]
[White "Atlas, Valery"]
[Black "Schwarz, Michael"]
[Result "1/2-1/2"]
[WhiteElo "2470"]
[BlackElo "2400"]
[PlyCount "34"]
[EventDate "1998.11.13"]

1. e4 c5 2. Nf3 d6 3. d4 cxd4 4. Nxd4 Nf6 5. Nc3 a6 6. Be3 e5 7. Nf3 Qc7 8. a4
Be7 9. a5 O-O 10. Be2 Nc6 11. Bb6 Qd7 12. Nd2 d5 13. Nxd5 Nxd5 14. exd5 Qxd5
15. O-O Bf5 16. Bf3 Qb5 17. b3 Nd4 1/2-1/2

[Event "Staatsliga A 1998/99"]
[Site "Gleisdorf"]
[Date "1998.12.12"]
[Round "4.4"]
[White "Grabher, Heinz"]
[Black "Frosch, Erich"]
[Result "0-1"]
[WhiteElo "2285"]
[BlackElo "2280"]
[PlyCount "68"]
[EventDate "1998.11.13"]

1. e4 e5 2. Nf3 Nc6 3. Bc4 Nf6 4. d4 exd4 5. O-O d6 6. Nxd4 Ne5 7. Bb3 Be7 8.
Nc3 O-O 9. f4 Ned7 10. Qf3 Nc5 11. h3 Nxb3 12. axb3 c6 13. Be3 Qc7 14. g4 Re8
15. g5 Nd7 16. h4 Bf8 17. Rf2 b5 18. Nce2 Bb7 19. Ng3 a6 20. h5 d5 21. Ndf5
dxe4 22. Qg4 c5 23. Rd1 Bc8 24. Rfd2 Ra7 25. b4 g6 26. hxg6 fxg6 27. Nh6+ Bxh6
28. gxh6 Ne5 29. Qe2 Bg4 30. Qf2 Nf3+ 31. Kg2 Qc8 32. Nxe4 Qc6 33. Bxc5 Qxe4
34. Bxa7 Nxd2+ 0-1

[Event "Staatsliga A 1998/99"]
[Site "Gleisdorf"]
[Date "1998.12.12"]
[Round "4.5"]
[White "Kotz, Heinz Peter"]
[Black "Thoma, Robert"]
[Result "1/2-1/2"]
[WhiteElo "2265"]
[BlackElo "2285"]
[PlyCount "34"]
[EventDate "1998.11.13"]

1. e4 e6 2. d4 d5 3. Nc3 Bb4 4. e5 b6 5. Qg4 Bf8 6. Bg5 Qd7 7. f4 Ba6 8. Nf3
Bxf1 9. Rxf1 Nc6 10. O-O-O Nge7 11. Nh4 h6 12. Bxe7 h5 13. Qe2 Bxe7 14. Nf3
O-O-O 15. Ng5 Rdf8 16. Rf3 Kb7 17. Kb1 g6 1/2-1/2

[Event "Staatsliga A 1998/99"]
[Site "Gleisdorf"]
[Date "1998.12.12"]
[Round "4.1"]
[White "Grosar, Aljosa"]
[Black "Wach, Markus"]
[Result "1-0"]
[WhiteElo "2450"]
[BlackElo "2395"]
[PlyCount "103"]
[EventDate "1998.11.13"]

1. e4 c6 2. d4 d5 3. exd5 cxd5 4. c4 Nf6 5. Nc3 e6 6. Nf3 Bb4 7. cxd5 Nxd5 8.
Bd2 Nc6 9. Bd3 O-O 10. O-O Be7 11. a3 Bf6 12. Qc2 h6 13. Rad1 Nxc3 14. bxc3 b6
15. Rfe1 Bb7 16. Ne5 Rc8 17. Bf4 Bg5 18. Bg3 Nxe5 19. Bxe5 Bf6 20. Qd2 Bxe5 21.
Rxe5 Qd6 22. Qb2 Bd5 23. Re3 Rc7 24. Rde1 Rfc8 25. Ba6 Bb7 26. Bxb7 Rxb7 27.
Rg3 Rbc7 28. h3 Rc4 29. Re4 R8c7 30. Reg4 f5 31. Rg6 Kh7 32. h4 f4 33. R3g4
Rxc3 34. Rxg7+ Rxg7 35. Rxg7+ Kxg7 36. Qxc3 Kf7 37. Qd3 Kg7 38. Qe4 h5 39. Qb7+
Kg6 40. Qe4+ Kg7 41. a4 a6 42. Kf1 e5 43. Qb7+ Kg6 44. d5 Qc5 45. Kg1 Kf6 46.
Qd7 Qc1+ 47. Kh2 Qb2 48. Qe6+ Kg7 49. d6 Qxf2 50. Qxe5+ Kf7 51. Qe7+ Kg6 52. d7
1-0

[Event "Staatsliga A 1998/99"]
[Site "Gleisdorf"]
[Date "1998.12.12"]
[Round "4.2"]
[White "Moser, Guenter"]
[Black "Herndl, Harald"]
[Result "0-1"]
[WhiteElo "2355"]
[BlackElo "2375"]
[PlyCount "120"]
[EventDate "1998.11.13"]

1. d4 d5 2. c4 c6 3. e3 Nf6 4. Nc3 g6 5. Nf3 Bg7 6. Be2 O-O 7. Bd2 dxc4 8. Bxc4
Bg4 9. h3 Bxf3 10. Qxf3 Nbd7 11. O-O e5 12. Bb3 Qe7 13. Rac1 Rad8 14. Na4 exd4
15. exd4 Qe4 16. Qxe4 Nxe4 17. Ba5 b6 18. Bb4 Rfe8 19. Rfd1 Nb8 20. d5 c5 21.
Be1 Nd6 22. Bc2 c4 23. Kf1 Na6 24. Bc3 b5 25. Bxg7 Kxg7 26. Nc3 Nc5 27. b4 cxb3
28. axb3 b4 29. Ne2 Ndb7 30. Rd4 a5 31. g4 Re5 32. Nf4 Re7 33. h4 Rc7 34. Bd1
Nd6 35. Ra1 Ncb7 36. Be2 Rc3 37. Rd3 Rdc8 38. Rxc3 Rxc3 39. Rb1 Nc5 40. Bd1 Kf8
41. Kg2 Ke7 42. Ne2 Rd3 43. Nf4 Rd2 44. Kf3 Nde4 45. Ke3 Rxf2 46. Be2 Rh2 47.
d6+ Kxd6 48. Rd1+ Kc7 49. Nd5+ Kb8 50. Bf3 Nc3 51. Nxc3 bxc3 52. Rd5 Na6 53.
Rd8+ Ka7 54. Rd7+ Kb8 55. Rd8+ Kc7 56. Rd3 c2 57. Rc3+ Kd7 58. Kf4 Nb4 59. Be4
Kd6 60. Kg5 Ke5 0-1

[Event "Staatsliga A 1998/99"]
[Site "Gleisdorf"]
[Date "1998.12.12"]
[Round "4.4"]
[White "Koenig, Dietrich"]
[Black "Ebner, Hubert"]
[Result "1-0"]
[WhiteElo "2315"]
[BlackElo "2275"]
[PlyCount "93"]
[EventDate "1998.11.13"]

1. d4 Nf6 2. Nf3 g6 3. Bg5 Bg7 4. Nbd2 d5 5. e3 O-O 6. Bd3 Nbd7 7. O-O Re8 8.
c4 c5 9. cxd5 cxd4 10. e4 Nc5 11. Qe2 e6 12. Rac1 Nxd3 13. Qxd3 Qb6 14. Bxf6
Bxf6 15. e5 Bg7 16. Nc4 Qa6 17. d6 Bd7 18. Qxd4 Qxa2 19. Nfd2 Qa4 20. Ne4 Red8
21. Nf6+ Kh8 22. Rc3 Rac8 23. b3 Qb5 24. Rh3 Bxf6 25. exf6 Qg5 26. Ne5 Kg8 27.
Nf3 Qf5 28. g4 e5 29. Nxe5 Qxf6 30. Rf3 Qe6 31. Nxf7 Qxg4+ 32. Qxg4 Bxg4 33.
Nh6+ Kg7 34. Nxg4 Rxd6 35. Re1 Rc7 36. Rfe3 h5 37. Ne5 Re7 38. h4 Rde6 39. f4
Rd6 40. Kf2 Kh7 41. Nf3 Red7 42. Re7+ Kh6 43. Rxd7 Rxd7 44. Re6 Rf7 45. Ke3 a5
46. Ne5 Rg7 47. f5 1-0

[Event "Staatsliga A 1998/99"]
[Site "Gleisdorf"]
[Date "1998.12.12"]
[Round "4.5"]
[White "Fahrner, Kurt"]
[Black "Neuschmied, Siegfried"]
[Result "1-0"]
[WhiteElo "2325"]
[BlackElo "2200"]
[PlyCount "75"]
[EventDate "1998.11.13"]

1. d4 Nf6 2. c4 e6 3. Nc3 Bb4 4. Qc2 O-O 5. a3 Bxc3+ 6. Qxc3 b6 7. Nf3 Bb7 8.
g3 d6 9. Bg2 Nbd7 10. O-O Qe7 11. b4 a5 12. Bb2 axb4 13. axb4 Rxa1 14. Rxa1 Ra8
15. Rd1 Be4 16. d5 e5 17. Bh3 b5 18. Nd2 Nb6 19. f3 Bxd5 20. cxd5 Nfxd5 21. Qb3
Ra4 22. Bc3 Qg5 23. Ne4 Qe3+ 24. Kf1 Qh6 25. Bg2 Ne3+ 26. Kf2 Nxd1+ 27. Qxd1
Qe6 28. Nc5 Qd5 29. Qxd5 Nxd5 30. Nxa4 bxa4 31. Bb2 Nxb4 32. f4 exf4 33. gxf4
d5 34. Bc3 Na2 35. Bd2 c6 36. Ke3 a3 37. Kd3 Kf8 38. Kc2 1-0

[Event "Staatsliga A 1998/99"]
[Site "Gleisdorf"]
[Date "1998.12.12"]
[Round "4.2"]
[White "Lehner, Oliver"]
[Black "Weinzettl, Ernst"]
[Result "1/2-1/2"]
[WhiteElo "2415"]
[BlackElo "2400"]
[PlyCount "50"]
[EventDate "1998.11.13"]

1. d4 Nf6 2. c4 e6 3. g3 d5 4. Bg2 c5 5. cxd5 exd5 6. Nf3 Nc6 7. O-O Be7 8. Nc3
O-O 9. dxc5 Bxc5 10. Bg5 d4 11. Ne4 Be7 12. Bxf6 Bxf6 13. b4 Bg4 14. b5 Bxf3
15. exf3 Na5 16. Qd3 Qb6 17. Rfd1 Rfd8 18. Rac1 Be7 19. f4 a6 20. bxa6 Qxa6 21.
Rc7 Qxd3 22. Rxd3 Nc6 23. Rxb7 Rxa2 24. Rd1 Kf8 25. Bf1 Ra7 1/2-1/2

[Event "Staatsliga A 1998/99"]
[Site "Gleisdorf"]
[Date "1998.12.12"]
[Round "4.3"]
[White "Herzog, Adolf"]
[Black "Videki, Sandor"]
[Result "1/2-1/2"]
[WhiteElo "2400"]
[BlackElo "2430"]
[PlyCount "58"]
[EventDate "1998.11.13"]

1. d4 d5 2. Nf3 Nf6 3. e3 c6 4. Be2 Bg4 5. O-O Nbd7 6. Nbd2 e6 7. h3 Bxf3 8.
Nxf3 Bd6 9. c4 O-O 10. Qb3 Rb8 11. Bd2 Qe7 12. Rfc1 Ne4 13. Ba5 dxc4 14. Rxc4
c5 15. dxc5 Ndxc5 16. Qc2 Nf6 17. Rd1 b6 18. Bc3 Nd5 19. Bd4 Nb7 20. Be5 f6 21.
Bxd6 Nxd6 22. Rcd4 Rfc8 23. Qd2 f5 24. Bd3 Rc5 25. e4 Nxe4 26. Bxe4 fxe4 27.
Rxe4 Nf6 28. Rd4 Rd5 29. Qc2 29... Qd6 {...64} 1/2-1/2

[Event "Staatsliga A 1998/99"]
[Site "Gleisdorf"]
[Date "1998.12.12"]
[Round "4.4"]
[White "Neumeier, Klaus"]
[Black "Staudner, Oliver"]
[Result "1/2-1/2"]
[WhiteElo "2270"]
[BlackElo "2350"]
[PlyCount "62"]
[EventDate "1998.11.13"]

1. e4 e6 2. d4 d5 3. Nc3 Bb4 4. e5 c5 5. a3 Bxc3+ 6. bxc3 Ne7 7. a4 Qa5 8. Bd2
Nbc6 9. Nf3 Bd7 10. Bb5 a6 11. Bxc6 Nxc6 12. O-O Qc7 13. Re1 Na5 14. dxc5 Qxc5
15. Be3 Qxc3 16. Bd2 Qc7 17. Bb4 Nc4 18. a5 b6 19. axb6 Qxb6 20. c3 Qb8 21. Rb1
Qc7 22. Nd2 Nxe5 23. Qh5 a5 24. Ba3 Qxc3 25. Bb2 Qxd2 26. Qxe5 f6 27. Qd6 Qb4
28. Qxd5 Rd8 29. Qh5+ g6 30. Qh6 Qe7 31. Ra1 Kf7 1/2-1/2

[Event "Staatsliga A 1998/99"]
[Site "Gleisdorf"]
[Date "1998.12.12"]
[Round "4.6"]
[White "Raubal, Martin"]
[Black "Plank, Franz"]
[Result "1-0"]
[WhiteElo "2230"]
[BlackElo "2270"]
[PlyCount "185"]
[EventDate "1998.11.13"]

1. e4 d5 2. exd5 Qxd5 3. Nc3 Qa5 4. d4 Nf6 5. Nf3 Ne4 6. Bd2 Nxd2 7. Qxd2 g6 8.
Bc4 Bg7 9. Nd5 Qxd2+ 10. Kxd2 Kd8 11. Ng5 Bh6 12. f4 Bxg5 13. fxg5 Be6 14. Ne3
Bxc4 15. Nxc4 Nd7 16. Rhf1 Ke8 17. Rae1 h6 18. gxh6 Rxh6 19. h3 Kf8 20. Rf4 Rh5
21. Ref1 f6 22. Re4 Rd8 23. Kc1 23... Nb6 {Zu passiv} (23... c5 24. Rfe1 cxd4
25. Rxe7 d3) 24. Ne5 Rh6 25. Nd3 Nd7 26. Nf4 Rc8 27. Ne6+ Kf7 28. Rfe1 Kg8 29.
Nf4 {Schwarz spuckt einen Bauern} 29... e5 30. dxe5 fxe5 31. Nd3 Re8 32. Nxe5
Nxe5 33. Rxe5 Rxe5 34. Rxe5 Kf7 35. Ra5 a6 36. Rc5 c6 37. Rc3 Kf6 38. Rf3+ Ke6
39. Kd2 Rh7 40. Ke3 Rd7 41. Rf8 Ke5 42. Kf3 Rd2 43. Rb8 b5 44. Re8+ Kf6 45. Re2
Rd1 46. Re3 Rb1 47. b3 b4 48. Re4 c5 49. Rc4 Rb2 50. Rxc5 Rxa2 51. Kg4 Ra1 52.
Rc6+ Kf7 53. Rc7+ Kf6 54. Rc4 Ra2 55. g3 Kg7 56. h4 Kh6 57. Kf4 a5 58. Kg4 Ra1
59. Rc6 Rd1 60. Kf4 Rf1+ 61. Ke4 Re1+ 62. Kf3 Rf1+ 63. Ke3 Rg1 64. Kf2 Ra1 65.
g4 Kg7 66. Rc4 Kf6 67. Ke3 Re1+ 68. Kd4 Rd1+ 69. Kc5 Ra1 70. Kb5 Kg7 71. Rc6
Ra2 72. h5 gxh5 73. gxh5 Kh7 74. Ra6 a4 75. Rxa4 Rxc2 76. Rxb4 Rb2 77. Kc4 Kh6
78. Rb8 Kxh5 79. Rg8 Rb1 80. b4 Rc1+ 81. Kd5 Rb1 82. Kc5 Rc1+ 83. Kb6 Kh6 84.
b5 Kh7 85. Rg3 Rb1 86. Kc6 Rc1+ 87. Kb7 Rb1 88. b6 Rb2 89. Kc7 Rc2+ 90. Kb8 Rb2
91. b7 Rb1 92. Rc3 Kg7 93. Kc7 1-0

[Event "Staatsliga A 1998/99"]
[Site "Gleisdorf"]
[Date "1998.12.12"]
[Round "4.2"]
[White "Volkmann, Friedrich"]
[Black "Popovic, Petar"]
[Result "1/2-1/2"]
[WhiteElo "2415"]
[BlackElo "2510"]
[PlyCount "71"]
[EventDate "1998.11.13"]

1. e4 c5 2. c3 d5 3. exd5 Qxd5 4. d4 Nf6 5. dxc5 Qxc5 6. Be3 Qc7 7. Na3 Nc6 8.
Nf3 e6 9. Nb5 Qb8 10. Bd3 Be7 11. O-O O-O 12. Nbd4 Rd8 13. Nxc6 bxc6 14. Qc2 c5
15. h3 Bb7 16. Nd2 Qd6 17. Be2 Nd5 18. Nc4 Qc7 19. Bd3 g6 20. Bd2 Nb6 21. Nxb6
axb6 22. Be3 Qe5 23. Rfe1 Qd5 24. Bf1 Rxa2 25. Rad1 Qc6 26. Rxd8+ Bxd8 27. Qd3
Be7 28. b4 Ra8 29. Qc4 Qc7 30. bxc5 bxc5 31. Rd1 Bd5 32. Qb5 Rb8 33. Qa6 c4 34.
g3 Ra8 35. Qb5 Rb8 36. Qa6 {...60} 1/2-1/2

[Event "Staatsliga A 1998/99"]
[Site "Gleisdorf"]
[Date "1998.12.12"]
[Round "4.3"]
[White "Penz, Harald"]
[Black "Schroll, Gerhard"]
[Result "1/2-1/2"]
[WhiteElo "2390"]
[BlackElo "2400"]
[PlyCount "75"]
[EventDate "1998.11.13"]

1. e4 d5 2. exd5 Qxd5 3. Nc3 Qa5 4. d4 c6 5. Nf3 Nf6 6. Bd3 Bg4 7. h3 Bh5 8.
O-O Nbd7 9. Ne4 Nxe4 10. Bxe4 e6 11. Qd2 Qxd2 12. Nxd2 Nf6 13. Bf3 Bxf3 14.
Nxf3 Bd6 15. Re1 Nd5 16. Bd2 Nb4 17. Bxb4 Bxb4 18. c3 Bd6 19. Rad1 Rd8 20. Kf1
Ke7 21. Rd3 Rd7 22. Red1 Rhd8 23. Ke2 f6 24. Nd2 Bc7 25. Nc4 b5 26. Ne3 Bb6 27.
Nc2 c5 28. dxc5 Bxc5 29. Rxd7+ Rxd7 30. Rxd7+ Kxd7 31. Ne1 Kc6 32. Nd3 Bd6 33.
Ke3 Kd5 34. Nf4+ Ke5 35. Nd3+ Kd5 36. Nf4+ Ke5 37. Nd3+ Kd5 38. Nf4+ 1/2-1/2

[Event "Staatsliga A 1998/99"]
[Site "Gleisdorf"]
[Date "1998.12.12"]
[Round "4.4"]
[White "Dueckstein, Andreas"]
[Black "Bawart, Markus"]
[Result "0-1"]
[WhiteElo "2340"]
[BlackElo "2345"]
[PlyCount "82"]
[EventDate "1998.11.13"]

1. e4 c5 2. Nf3 Nc6 3. b3 d6 4. Bb5 e5 5. Bxc6+ bxc6 6. Qe2 a5 7. Nc3 Nf6 8. d3
Be7 9. h3 Nd7 10. Na4 Nf8 11. Nd2 Ne6 12. Nc4 Ra6 13. O-O Nd4 14. Qd1 g5 15.
Ne3 h5 16. c3 Ne6 17. Nf5 Bf6 18. Qf3 Nf4 19. Re1 Kf8 20. Bxf4 exf4 21. Rad1
Bxf5 22. exf5 Qc8 23. g4 Kg7 24. d4 cxd4 25. cxd4 Rh6 26. Kg2 Ra7 27. Nb6 Qh8
28. Rh1 d5 29. Na4 Re7 30. Nc5 Qe8 31. Qc3 Re2 32. Rde1 hxg4 33. hxg4 Rxh1 34.
Rxh1 34... Qe3 $1 35. Qxe3 fxe3 36. Kf3 Rxf2+ 37. Kxe3 Rf4 38. Rd1 Rxg4 39. a3
a4 40. bxa4 Rg3+ 41. Ke2 Rxa3 0-1

[Event "Staatsliga A 1998/99"]
[Site "Gleisdorf"]
[Date "1998.12.12"]
[Round "4.5"]
[White "Zoebisch, Herbert"]
[Black "Neulinger, Manfred"]
[Result "1/2-1/2"]
[WhiteElo "2235"]
[BlackElo "2270"]
[PlyCount "102"]
[EventDate "1998.11.13"]

1. d4 f5 2. Nf3 Nf6 3. g3 g6 4. Bg2 Bg7 5. O-O O-O 6. c4 d6 7. Nc3 Nc6 8. d5
Na5 9. Qa4 c5 10. dxc6 bxc6 11. Nd4 Bd7 12. Nxc6 Nxc6 13. Bxc6 Bxc6 14. Qxc6
Rc8 15. Qa4 Qd7 16. Qb3 Qe6 17. c5 d5 18. Be3 Rb8 19. Qc2 Ng4 20. Bf4 Rbc8 21.
Na4 Qc6 22. Rad1 e5 23. Bc1 d4 24. f3 Nf6 25. b4 Rf7 26. Qb3 Rb8 27. a3 Nd5 28.
e4 Nc7 29. Qc2 Rbf8 30. Nb2 Nb5 31. Na4 Kh8 32. Bb2 Bh6 33. Bc1 Bxc1 34. Rxc1
Nxa3 35. Qb3 Nb5 36. Qd3 Kg7 37. Nb2 Nc3 38. exf5 Rxf5 39. f4 Qd5 40. Rxc3 e4
41. Qc4 dxc3 42. Qxc3+ R5f6 43. Rd1 Qe6 44. Nc4 h5 45. Ne5 Kh6 46. Nd7 Qg4 47.
Rd4 Qe2 48. Nxf6 Rxf6 49. Rxe4 Qxe4 50. Qxf6 Qe1+ 51. Kg2 Qe2+ 1/2-1/2

[Event "Staatsliga A 1998/99"]
[Site "Gleisdorf"]
[Date "1998.12.12"]
[Round "4.6"]
[White "Hechl, Gerald"]
[Black "Ploner, Ferdinand"]
[Result "1/2-1/2"]
[WhiteElo "2190"]
[BlackElo "2260"]
[PlyCount "112"]
[EventDate "1998.11.13"]

1. c4 e5 2. Nc3 g6 3. d4 exd4 4. Qxd4 Qf6 5. Qe4+ Qe6 6. Qd4 Qf6 7. Qe4+ Qe6 8.
Qd4 f6 9. Nd5 Na6 10. Nf3 Bc5 11. Qxc5 Nxc5 12. Nxc7+ Kf7 13. Nxe6 dxe6 14. b3
e5 15. Ba3 b6 16. O-O-O Ne4 17. Rd8 Nxf2 18. Rg1 Kg7 19. Bf8+ Kf7 20. Bb4 a5
21. Bd6 Ne4 22. Bc7 Nc5 23. Nxe5+ fxe5 24. Bxe5 Ne6 25. Rxc8 Rxc8 26. Bxh8 b5
27. e3 Nf6 28. Bxf6 Kxf6 29. Kb2 b4 30. Bd3 Nc5 31. Bc2 Ke6 32. Rd1 Rf8 33. Rd5
Nb7 34. Rd2 Nc5 35. Rd5 Nb7 36. Rb5 Rf7 37. h4 Kd6 38. h5 gxh5 39. Rxh5 Rf2 40.
Rh6+ Ke5 41. Rxh7 Nc5 42. Rh5+ Kd6 43. Rd5+ Kc6 44. g4 Re2 45. e4 a4 46. Kc1
Rg2 47. e5 Rxg4 48. Rd6+ Kc7 49. Rg6 Rxg6 50. Bxg6 axb3 51. axb3 Nxb3+ 52. Kc2
Nd4+ 53. Kd3 Nc6 54. Ke4 b3 55. Kf4 Kb6 56. e6 Kc5 1/2-1/2

[Event "Staatsliga A 1998/99"]
[Site "Klagenfurt"]
[Date "1998.12.13"]
[Round "5.4"]
[White "Laube, Bernhard"]
[Black "Dueckstein, Andreas"]
[Result "1/2-1/2"]
[WhiteElo "2285"]
[BlackElo "2340"]
[PlyCount "70"]
[EventDate "1998.11.13"]

1. Nf3 Nc6 2. c4 e5 3. Nc3 Nf6 4. g3 d5 5. cxd5 Nxd5 6. d3 Be7 7. Bg2 Be6 8.
O-O O-O 9. Bd2 Qd7 10. a3 a5 11. Rc1 f6 12. Re1 Nxc3 13. Bxc3 Nd4 14. e3 Nb3
15. Rb1 a4 16. d4 e4 17. Nd2 f5 18. f3 Nxd2 19. Qxd2 exf3 20. Bxf3 c6 21. Qg2
Bd5 22. e4 fxe4 23. Bxe4 Bf6 24. Bxd5+ Qxd5 25. Qxd5+ cxd5 26. Re6 Ra6 27. Rxa6
bxa6 28. Re1 Kf7 29. Kf2 Rc8 30. Kf3 Rc4 31. Ke3 Rc6 32. Kf4 h5 33. h3 Re6 34.
Rxe6 Kxe6 35. g4 hxg4 1/2-1/2